00778cam a22002171 4500001001300000003000400013005001700017008004100034010001700075035002000092040004500112042001200157050001500169100003700184245015000221260003200371300007900403440003700482650002400519999001700543gs 19000464 DLC20260227111324.0940215s1891 gw abf 000 0 ger c ags 19000464  a(OCoLC)29820537 aLibrary, U.S. Geological SurveycCUdDLC apremarc00aGB55b.G881 aGünther, Siegmund,d1848-1923.00aLehrbuch der physikalischen geographie,cvon Dr. Siegmund Günther ... mit 169 in den text gedruckten holzschnitten und 3 tafeln in farbendruck. aStuttgart,bF. Enke,c1891. axii, 508 p.billus., III pl. (part col., incl. double map) diagrs.c24 cm. 0aNaturwissenschaftliches lehrbuch 0aPhysical geography. c25968d25968